00386nam a2200121 4500008004100000050002200041100002800063245007100091260003800162300002000200650001800220650002600238160706b xxu||||| |||| 00| 0 eng d aHQ10.5.K4V33 1987 aVadassery, Thomasd1987S aSocial education and ethics /cThomas Vadassery, Michael O'connor. aNairobi : bNdilinge Pub.,c1986. a168p. c21cm. aSocial ethics aFamily life education